| 000 | 01182nam a2200301Ia 4500 | ||
|---|---|---|---|
| 001 | ebr10216789 | ||
| 003 | CaPaEBR | ||
| 006 | m u | ||
| 007 | cr cn||||||||| | ||
| 008 | 080208s2007 fr ab sb 001 0 eng d | ||
| 010 | _z 2008297113 | ||
| 020 | _z0123739918 | ||
| 020 | _z9780123739919 | ||
| 040 |
_aCaPaEBR _cCaPaEBR |
||
| 035 | _a(OCoLC)228148488 | ||
| 050 | 1 | 4 |
_aRC961.5 _b.C659 2007eb |
| 100 | 1 |
_aCook, G. C. _q(Gordon Charles) |
|
| 245 | 1 | 0 |
_aTropical medicine _h[electronic resource] : _ban illustrated history of the pioneers / _cG.C. Cook. |
| 260 |
_aParis ; _aLondon : _bAcademic, _cc2007. |
||
| 300 |
_axvi, 278 p. : _bill., maps. |
||
| 504 | _aIncludes bibliographical references and index. | ||
| 533 |
_aElectronic reproduction. _bPalo Alto, Calif. : _cebrary, _d2008. _nAvailable via World Wide Web. _nAccess may be limited to ebrary affiliated libraries. |
||
| 650 | 0 |
_aTropical medicine _vBiography. |
|
| 650 | 0 |
_aTropical medicine _xHistory. |
|
| 655 | 7 |
_aElectronic books. _2local |
|
| 710 | 2 | _aebrary, Inc. | |
| 856 | 4 | 0 |
_uhttp://site.ebrary.com/lib/rucke/Doc?id=10216789 _zAn electronic book accessible through the World Wide Web; click to view |
| 999 |
_c231430 _d231430 |
||